000 nam a22 a 4500
999 _c3487
_d3487
005 20170523093634.0
008 170523b2009 nju||||| |||| 00| 0 eng d
020 _a9780470233795 (pbk.) :
020 _a0470233796 (pbk.) :
040 _aAKMAL
082 0 4 _a658.5 RUS
090 _a658.8
_bRUS
100 1 _aRussell, Roberta S.
_96987
245 1 0 _aOperations management :
_balong the supply chain /
_cRoberta S. Russell, Bernard W. Taylor III.
250 _aInternational student version., 6th ed.
260 _aHoboken, N.J. :
_bWiley ;
260 _a[Chichester :
_bJohn Wiley, distributor],
_cc2009.
300 _axxviii, 776 p. :
_bol. ill., col. ports. ;
_c28cm
500 _aPrevious ed.: Hoboken, N.J.: John Wiley, 2006.
504 _aIncludes bibliographical references and index.
650 0 _aProduction management.
_96933
650 0 _aBusiness logistics.
_96988
700 1 _aTaylor, Bernard W.,
_cIII.
_96989
852 4 1 _aBritish Library
_bHMNTS
942 _2ddc
_cBOOK